Дело о выкупе земельных наделов временнообязанными крестьянами А.М. Афонасьева деревни Повалишинки Кирсановского уезда Тамбовско...

Доступно только в Электронных читальных залах Найти на картеНа карте
RUSMARC
00003975nmc2a2200000 x 450
001c19de987-c400-4904-bef4-a506735a7eff
00520151117104639.0
100##$a20140410l18651865k l0rusy0189 ca
1010#$arus
102##$aRU
2001#$aДело о выкупе земельных наделов временнообязанными крестьянами А.М. Афонасьева деревни Повалишинки Кирсановского уезда Тамбовской губернии
$j17 мая - 4 октября 1865 г.
251##$cДело
300##$aДело
300##$aОриг. заголовок дела: Дело Афонасьева А.М. Тамбовской губернии Кирсановского уезда деревни Повалишинки. 17 мая 1865 г. - 4 октября 1865 г
801#0$aRU
$bРГИА
$c20140410
$gRCR
801#1$aRU
$bГлавНИВЦ
$c20140410
$2rusmarc
801#2$aRU
$bПБ им. Б.Н. Ельцина
$c20151117
$gRCR
$2rusmarc
850##$aРГИА
852##$aРГИА
$eФедеральное казенное учреждение "Российский государственный исторический архив" (РГИА)
$j474
937##$hРГИА
$d11101408
$aASBIBLIO_SCAN
462#0$10017c5e74c9-979b-46fc-b2dd-52a15592f082
$12001
$aДела Главного выкупного учреждения Министерства финансов по Тамбовской губернии
$1251
$cОпись
$1852
$j40
461#0$10018ef30ad5-ff5c-4840-a721-74c62a200f95
$12001
$aГлавное выкупное учреждение Министерства финансов (1861-1895)
$1251
$cФонд
$1852
$j577
215##$a22 л.
$d36,5х26 см
371##$aДокумент не является опубликованным и широко распространяемым
105##$ay###
1222#$ad
5171#$aДело Афонасьева А.М. Тамбовской губернии Кирсановского уезда деревни Повалишинки. 17 мая 1865 г. - 4 октября 1865 г.
035##$ac19de987-c400-4904-bef4-a506735a7eff
Формат отображения